| 000 | 00509nam a2200157Ia 4500 | ||
|---|---|---|---|
| 008 | 170224s9999 xx 000 0 und d | ||
| 100 | _aDong-Hee Shin | ||
| 245 | _aDo Users Experience Real Sociability Through Social TV? Analyzing Parasocial Behavior in Relation to Social TV | ||
| 245 | _cDong-Hee Shin | ||
| 260 | _bJournal of Broadcasting & Electronic Media | ||
| 260 | _cMarch | ||
| 300 | _a60:1, Pages: 140-159 | ||
| 500 | _aMarch | ||
| 650 | _xCommunication Arts | ||
| 650 | _xMultimedia Arts | ||
| 999 |
_c316198 _d316198 |
||